000 00629nam a2200205Ia 4500
003 BUBTL
008 151213s9999 xx 000 0 und d
020 _a0-07-078251-2
082 _a658.8/WRS
100 _aLauren K. Wright & Others
_92620
245 _aService Marketing : An Active Learning Resource Guide
_cLauren K. Wright & Others
260 _aNew York
_bMc Grow Hill
_c1997
300 _a[iv],314p.:
_b27cm.
_cMarketing.
650 _aMarketing
_92621
650 _aMarketing
_92621
700 _aLauren K. Wright & Others
_92620
856 _k0
_l0
_yDownload
942 _2ddc
_cBK
999 _c1953
_d1953